02050cam a2200445 a 450000100090000000300050000900500170001400800410003101000170007202000210008902000280011003500230013803800130016104000180017404200140019204300120020605000250021808200160024310000190025924500790027824600400035726000870039730000400048444000400052450002610056450000760082550400530090150502470095465000320120165000260123365000340125965000370129365000400133065100430137065100470141370000180146070000190147871000160149785600910151312631282NUST20190904075552.0011228s2002 dcua b 000 0 eng d a 2001279304 a0195216083 (OUP) a082135048X (World Bank) a(OCoLC)ocm48626240 aM.Sohail aDBIcDBIdDLC alccopycat ad------00aHC59.72.P6bG59 2002 a339.46bTWO aThe World Bank00aGlobalization, growth, and poverty :bbuilding an inclusive world economy.30aBuilding an inclusive world economy aWashington, DC :bWorld Bank ;aNew York, N.Y. :bOxford University Press,cc2002. axiii, 174 p. :bcol. ill. ;c24 cm. 2aA World Bank policy research report a"This report was prepared under the supervision of Nicolas Stern, Chief Economist and Senior Vice President. It was written by Paul Collier (Director, Development Research Group) and David Dollar (Research Mamager in the Development Research Group" -- xiii a"A copublication of the World Bank and Oxford University Press" -- t.p. aIncludes bibliographical references (p.161-174).2 aOverview -- The new wave of globalization and its economic effects -- Improving the international architecture for integration -- Strengthening domestic institutions and policies -- Power, culture, and the environment -- An agenda for action. 0aPoorzDeveloping countries. 0aEconomic development. 0aPovertyzDeveloping countries 0aGlobalizationxEconomic aspects. 0aInternational economic integration. 0aDeveloping countriesxEconomic policy. 0aDeveloping countriesxEconomic conditions.1 aCollier, Paul1 aDollar, David.2 aWorld Bank.423Publisher descriptionuhttp://www.loc.gov/catdir/enhancements/fy0611/2001279304-d.html